000 00456nam a2200181Ia 4500
008 240925s9999 xx 000 0 und d
020 _aNA
082 _a796 SHA
100 _aShahid Mahmood .
245 0 _aSports Quiz Book
250 _aNA
260 _aKarachi:
_bLiliana International Publishers
_c,1995.
300 _a195p.
_bNA
_fOriginal
500 _aNA
600 _aHumanities & Natural Science
650 _aArts and Recreation
942 _cBK
999 _c3088
_d3088